Justicia restaurativa: herramientas para el cambio desde la gestión del conflicto

Saved in:
Bibliografiske detaljer
Main Authors: González Ramírez, Isabel Ximena (Author), Fuentealba Martínez, María Soledad (Author)
Format: Bog
Sprog:spansk
Udgivet: Valencia Tirant Lo Blanch 2017
Udgivelse:1a. ed
Serier:Centro de mediación, Negociación y Arbitraje Universidad de Chile, 3
Fag:
Tags: Tilføj Tag
Ingen Tags, Vær først til at tagge denne postø!

MARC

LEADER 00000cam a2200000 a 4500
001 UCC2347
003 CL-VaPUC
005 20250325125217.0
008 180119e20170000sp |||||||||||||||||spa|d
999 |c 370536  |d 370534 
020 |a 9788491695509 
040 |c Pontificia Universidad Católica de Valparaíso 
082 0 4 |a 340.5 GON 2017  |b GON  |2 21 
100 |a González Ramírez, Isabel Ximena  |e author  |9 596469 
245 1 0 |a Justicia restaurativa: herramientas para el cambio desde la gestión del conflicto 
250 |a 1a. ed 
260 |a Valencia  |b Tirant Lo Blanch  |c 2017 
300 |a 235 p 
490 0 |a Centro de mediación, Negociación y Arbitraje Universidad de Chile, 3 
505 |a Presentación de la publicación del Centro de Mediación, Negociación y Arbitraje de la Universidad Central de Chile El Centro de Mediación, Negociación y Arbitraje. Contenidos de la presente publicación / Isabel Ximena González Ramírez Artículos, estudios y ensayos En torno a la idea de justicia desde la reflexión filosófica francesa contemporánea y el concepto de JUsticia Restaurativa / Jorge Ulloa Plaza y Priscila Machado Martins Psicología positiva y su aplicación a la Justicia Restaurativa / María Soledad Fuentealba Martínez La mediación penal y su desarrollo normativo / Isabel Ximena González Ramírez Negociación con rehenes. Algunos conceptos básicos para considerar / Caterine Valdebenito Larenas Calidad de la mediación familiar licitada en Chile con enfoque de infancia y adolescencia / Víctor Barría Jaramillo Interpretación extensiva de la competencia material del partidor / Jaime Antonio Retamal Torres La naturaleza jurídica del Arbitraje ante la Superintendencia de Salud / Fernando Andrés Halim Muñoz y Héctor Enrique Rojas Piccardo Arbitraje forzoso en el contrato de arrendamiento de viviendas con promesa de compraventa. ¿Constituye un problema en el acceso a la justicia e imparcialidad del juez? / Alejandro E. Gastón De Iriarte Leiva 
583 |a last modification  |c 20180119 15:30:00  |k Rodrigo Vera 
650 0 |a Arbitraje  |9 328491 
650 0 |a Justicia   |9 255408 
650 0 |a Conflictos  |9 332195 
700 0 |a Fuentealba Martínez, María Soledad  |e author  |9 596470 
942 |c BK  |2 ddc 
945 |d 20180119 15:30:00  |a dcastane 
952 |0 0  |1 0  |3 erb  |4 0  |6 340_500000000000000_GON_2017  |7 0  |8 A  |9 487064  |a BIBDER  |b BIBDER  |i 5451523  |l 3  |m 3  |o 340.5 GON 2017  |p 5451523  |r 2024-11-11  |s 2024-10-28  |w 2019-11-24  |y BK  |z Catalogado en:20180119  |k DER